| 000 | 00474nam a22001937a 4500 | ||
|---|---|---|---|
| 003 | NUST - PNEC | ||
| 005 | 20170116180820.0 | ||
| 008 | 150617b xxu||||| |||| 00| 0 eng d | ||
| 020 | _a- | ||
| 040 | _cLIBRARY | ||
| 082 | _a510.9 HOO | ||
| 100 |
_94073 _aHooper, Alfred |
||
| 245 |
_aMakers of Mathematics _cAlfred Hooper |
||
| 250 | _a- | ||
| 260 |
_aLondon _bFaber and Faber Limited _c- |
||
| 300 | _a402 p. : | ||
| 650 |
_94074 _aMathematics _xME |
||
| 942 |
_2ddc _cBK |
||
| 999 |
_c63711 _d63711 |
||